000 00902nas a2200289 4500
001 BR2018002255
003 BR-BrBNA
005 20231205131444.0
007 ta
008 230509b bl.|||p| |||| 00| 00por d
040 _aBR-BrBNA
_bpor
_cBiblioteca Nacional de Agricultura
041 _a(Pt)
072 _aF03
100 1 _aBinsfeld, J.A.
100 1 _aBarbieri, A.P.P.
100 1 _aHuth, C.
100 1 _aCabrera, I.C.
100 1 _aHenning, L.M.M.
245 1 _aUso de bioativador, bioestimulante e complexo de nutrientes em sementes de soja
650 _aSOJA
650 _aTRATAMENTO DE SEMENTE
650 _aGERMINAÇÃO
773 0 _tPesquisa Agropecuária Tropical (Brazil)
_xISSN 1983-4063
_g(Jan-Mar 2014), v. 44(1) p. 88-94
_wBR2018002255
856 4 0 _uhttp://www.scielo.br/pdf/pat/v44n1/v44n1a10.pdf
909 _a202311
_bLúcia
_c55
_dLúcia Elande
942 _2AGRIS
_n0
_cANA
999 _c254925
_d254925